<?xml version="1.0" encoding="UTF-8"?>
<collection xmlns="http://www.loc.gov/MARC21/slim">
 <record>
  <leader>03796cam a2200733   4500</leader>
  <controlfield tag="001">1168648602</controlfield>
  <controlfield tag="003">DE-627</controlfield>
  <controlfield tag="005">20241030202522.0</controlfield>
  <controlfield tag="007">tu</controlfield>
  <controlfield tag="008">020507s2002    xx |||||      00| ||lat c</controlfield>
  <datafield tag="020" ind1=" " ind2=" ">
   <subfield code="a">3760817297</subfield>
   <subfield code="9">3-7608-1729-7</subfield>
  </datafield>
  <datafield tag="035" ind1=" " ind2=" ">
   <subfield code="a">(DE-627)1168648602</subfield>
  </datafield>
  <datafield tag="035" ind1=" " ind2=" ">
   <subfield code="a">(DE-576)098648608</subfield>
  </datafield>
  <datafield tag="035" ind1=" " ind2=" ">
   <subfield code="a">(DE-599)BSZ098648608</subfield>
  </datafield>
  <datafield tag="035" ind1=" " ind2=" ">
   <subfield code="a">(OCoLC)314293614</subfield>
  </datafield>
  <datafield tag="035" ind1=" " ind2=" ">
   <subfield code="a">(OCoLC)314293614</subfield>
  </datafield>
  <datafield tag="040" ind1=" " ind2=" ">
   <subfield code="a">DE-627</subfield>
   <subfield code="b">ger</subfield>
   <subfield code="c">DE-627</subfield>
   <subfield code="e">rakwb</subfield>
  </datafield>
  <datafield tag="041" ind1=" " ind2=" ">
   <subfield code="a">lat</subfield>
   <subfield code="a">ger</subfield>
  </datafield>
  <datafield tag="072" ind1=" " ind2="7">
   <subfield code="a">HIS 002000</subfield>
   <subfield code="2">bisacsh</subfield>
  </datafield>
  <datafield tag="072" ind1=" " ind2="7">
   <subfield code="a">HIS002000</subfield>
   <subfield code="2">bisacsh</subfield>
  </datafield>
  <datafield tag="082" ind1="0" ind2=" ">
   <subfield code="a">100</subfield>
   <subfield code="q">SEPA</subfield>
   <subfield code="2">23</subfield>
  </datafield>
  <datafield tag="082" ind1="0" ind2=" ">
   <subfield code="a">871.01</subfield>
   <subfield code="q">SEPA</subfield>
   <subfield code="2">23</subfield>
  </datafield>
  <datafield tag="082" ind1="0" ind2=" ">
   <subfield code="a">870</subfield>
   <subfield code="q">SEPA</subfield>
  </datafield>
  <datafield tag="084" ind1=" " ind2=" ">
   <subfield code="a">1</subfield>
   <subfield code="2">ssgn</subfield>
  </datafield>
  <datafield tag="084" ind1=" " ind2=" ">
   <subfield code="a">FX 303200</subfield>
   <subfield code="2">rvk</subfield>
   <subfield code="0">(DE-625)rvk/35713:11781</subfield>
  </datafield>
  <datafield tag="100" ind1="1" ind2=" ">
   <subfield code="a">Ausonius, Decimus Magnus</subfield>
   <subfield code="d">310-395</subfield>
   <subfield code="0">(DE-588)118505165</subfield>
   <subfield code="0">(DE-627)079309623</subfield>
   <subfield code="0">(DE-576)208852840</subfield>
   <subfield code="4">aut</subfield>
  </datafield>
  <datafield tag="245" ind1="1" ind2="0">
   <subfield code="a">Mosella</subfield>
  </datafield>
  <datafield tag="246" ind1="1" ind2=" ">
   <subfield code="i"> Einheitssacht. des beigef. Werkes</subfield>
   <subfield code="a">Bissula. Epistulae</subfield>
  </datafield>
  <datafield tag="246" ind1="3" ind2="3">
   <subfield code="a">Bissula</subfield>
  </datafield>
  <datafield tag="246" ind1="3" ind2="3">
   <subfield code="a">Briefwechsel mit Paulinus Nolanus</subfield>
  </datafield>
  <datafield tag="246" ind1="3" ind2="3">
   <subfield code="a">Epistulae</subfield>
  </datafield>
  <datafield tag="246" ind1="3" ind2="3">
   <subfield code="a">Briefwechsel mit Decimus Magnus Ausonius</subfield>
  </datafield>
  <datafield tag="246" ind1="3" ind2="3">
   <subfield code="a">Epistulae</subfield>
  </datafield>
  <datafield tag="249" ind1=" " ind2=" ">
   <subfield code="a">Bissula. Briefwechsel mit Paulinus Nolanus</subfield>
   <subfield code="b">D. Magnus Ausonius. Hrsg. u. übers. von Paul Dräger</subfield>
  </datafield>
  <datafield tag="264" ind1=" " ind2="1">
   <subfield code="a">Düsseldorf [u.a.]</subfield>
   <subfield code="b">Artemis &amp; Winkler</subfield>
   <subfield code="c">2002</subfield>
  </datafield>
  <datafield tag="300" ind1=" " ind2=" ">
   <subfield code="a">320 S.</subfield>
  </datafield>
  <datafield tag="336" ind1=" " ind2=" ">
   <subfield code="a">Text</subfield>
   <subfield code="b">txt</subfield>
   <subfield code="2">rdacontent</subfield>
  </datafield>
  <datafield tag="337" ind1=" " ind2=" ">
   <subfield code="a">ohne Hilfsmittel zu benutzen</subfield>
   <subfield code="b">n</subfield>
   <subfield code="2">rdamedia</subfield>
  </datafield>
  <datafield tag="338" ind1=" " ind2=" ">
   <subfield code="a">Band</subfield>
   <subfield code="b">nc</subfield>
   <subfield code="2">rdacarrier</subfield>
  </datafield>
  <datafield tag="490" ind1="0" ind2=" ">
   <subfield code="a">Sammlung Tusculum</subfield>
  </datafield>
  <datafield tag="500" ind1=" " ind2=" ">
   <subfield code="a">Text lat. u. dt.. - Einheitssacht. d. beigef. Werke: Bissula. Epistulae</subfield>
  </datafield>
  <datafield tag="583" ind1="1" ind2=" ">
   <subfield code="a">Archivierung prüfen</subfield>
   <subfield code="c">20240324</subfield>
   <subfield code="f">DE-4165</subfield>
   <subfield code="z">1</subfield>
   <subfield code="2">pdager</subfield>
  </datafield>
  <datafield tag="650" ind1=" " ind2="0">
   <subfield code="a">Ausonius, Decimus Magnus</subfield>
   <subfield code="x">Correspondence</subfield>
  </datafield>
  <datafield tag="650" ind1=" " ind2="0">
   <subfield code="a">Laudatory poetry, Latin</subfield>
   <subfield code="x">Translations into German</subfield>
  </datafield>
  <datafield tag="650" ind1=" " ind2="0">
   <subfield code="a">Poets, Latin</subfield>
   <subfield code="x">Correspondence</subfield>
  </datafield>
  <datafield tag="650" ind1=" " ind2="0">
   <subfield code="a">Moselle River</subfield>
   <subfield code="x">Poetry</subfield>
  </datafield>
  <datafield tag="689" ind1="0" ind2="0">
   <subfield code="d">u</subfield>
   <subfield code="0">(DE-588)4220202-4</subfield>
   <subfield code="0">(DE-627)10501964X</subfield>
   <subfield code="0">(DE-576)210262834</subfield>
   <subfield code="a">Ausonius, Decimus Magnus</subfield>
   <subfield code="d">310-395</subfield>
   <subfield code="t">Mosella</subfield>
   <subfield code="2">gnd</subfield>
  </datafield>
  <datafield tag="689" ind1="0" ind2=" ">
   <subfield code="5">(DE-627)</subfield>
  </datafield>
  <datafield tag="689" ind1="1" ind2="0">
   <subfield code="d">u</subfield>
   <subfield code="0">(DE-588)4493008-2</subfield>
   <subfield code="0">(DE-627)241449820</subfield>
   <subfield code="0">(DE-576)212999397</subfield>
   <subfield code="a">Ausonius, Decimus Magnus</subfield>
   <subfield code="d">310-395</subfield>
   <subfield code="t">Bissula</subfield>
   <subfield code="2">gnd</subfield>
  </datafield>
  <datafield tag="689" ind1="1" ind2=" ">
   <subfield code="5">(DE-627)</subfield>
  </datafield>
  <datafield tag="700" ind1="1" ind2=" ">
   <subfield code="a">Paulinus, Pontius Meropius</subfield>
   <subfield code="d">353-431</subfield>
   <subfield code="0">(DE-588)118592165</subfield>
   <subfield code="0">(DE-627)141614129</subfield>
   <subfield code="0">(DE-576)162498357</subfield>
   <subfield code="4">aut</subfield>
  </datafield>
  <datafield tag="700" ind1="1" ind2=" ">
   <subfield code="a">Dräger, Paul</subfield>
   <subfield code="d">1942-</subfield>
   <subfield code="e">Hrsg.</subfield>
   <subfield code="0">(DE-588)114666946</subfield>
   <subfield code="0">(DE-627)513595473</subfield>
   <subfield code="0">(DE-576)170298620</subfield>
   <subfield code="4">edt</subfield>
  </datafield>
  <datafield tag="776" ind1="0" ind2="8">
   <subfield code="i">Erscheint auch als</subfield>
   <subfield code="n">Online-Ausgabe</subfield>
   <subfield code="a">Ausonius, Decimus Magnus, 310 - 395</subfield>
   <subfield code="t">Mosella</subfield>
   <subfield code="d">Düsseldorf : Artemis &amp; Winkler, 2002</subfield>
   <subfield code="h">320 Seiten</subfield>
   <subfield code="w">(DE-627)1486676685</subfield>
   <subfield code="w">(DE-576)416676685</subfield>
   <subfield code="z">9783050092836</subfield>
  </datafield>
  <datafield tag="787" ind1="0" ind2="8">
   <subfield code="i">Rezensiert in</subfield>
   <subfield code="a">Unruh, Frank</subfield>
   <subfield code="t">[Rezension von: Ausonius, Decimus Magnus, Mosella, Lateinisch-Deutsch - Decimus  Magnus  Ausonius, Mosella, Bissula, Briefwechsel mit  Paulinus  Nolanus - Ausonius, Decimus Magnus, Mosella, Lateinisch-Deutsch, Studienausgabe]</subfield>
   <subfield code="d">2002</subfield>
   <subfield code="w">(DE-627)1701039672</subfield>
  </datafield>
  <datafield tag="787" ind1="0" ind2="8">
   <subfield code="i">Rezensiert in</subfield>
   <subfield code="a">Schindel, Ulrich, 1935 - </subfield>
   <subfield code="t">Drei neue bilingue Mosella-Ausgaben</subfield>
   <subfield code="d">2003</subfield>
   <subfield code="w">(DE-627)1795439300</subfield>
  </datafield>
  <datafield tag="856" ind1="4" ind2="2">
   <subfield code="u">http://bvbr.bib-bvb.de:8991/F?func=service&amp;doc_library=BVB01&amp;doc_number=009785160&amp;line_number=0001&amp;func_code=DB_RECORDS&amp;service_type=MEDIA</subfield>
   <subfield code="m">V:DE-604</subfield>
   <subfield code="q">application/pdf</subfield>
   <subfield code="3">Inhaltsverzeichnis</subfield>
  </datafield>
  <datafield tag="935" ind1=" " ind2=" ">
   <subfield code="a">mteo</subfield>
  </datafield>
  <datafield tag="935" ind1=" " ind2=" ">
   <subfield code="i">SLoT</subfield>
  </datafield>
  <datafield tag="936" ind1="r" ind2="v">
   <subfield code="a">FX 303200</subfield>
   <subfield code="b">Gesamtausgaben</subfield>
   <subfield code="k">Klassische Philologie. Byzantinistik. Mittellateinische und Neugriechische Philologie. Neulatein</subfield>
   <subfield code="k">Lateinische Autoren und Inschriften der Antike</subfield>
   <subfield code="k">Lateinische Autoren und Anonyma</subfield>
   <subfield code="k">Spätlateinische Literatur (bis 600 n.Chr.)</subfield>
   <subfield code="k">4. Jahrhundert n. Chr.</subfield>
   <subfield code="k">Ausonius, Decimus Magnus</subfield>
   <subfield code="k">Mosella</subfield>
   <subfield code="k">Gesamtausgaben</subfield>
   <subfield code="0">(DE-627)127082872X</subfield>
   <subfield code="0">(DE-625)rvk/35713:11781</subfield>
   <subfield code="0">(DE-576)20082872X</subfield>
  </datafield>
  <datafield tag="951" ind1=" " ind2=" ">
   <subfield code="a">BO</subfield>
  </datafield>
  <datafield tag="990" ind1=" " ind2=" ">
   <subfield code="a">Ausonius, Decimus Magnus / Mosella</subfield>
  </datafield>
  <datafield tag="990" ind1=" " ind2=" ">
   <subfield code="a">Ausonius, Decimus Magnus / Bissula</subfield>
  </datafield>
  <datafield tag="991" ind1=" " ind2=" ">
   <subfield code="a">Rezensiertes Werk</subfield>
  </datafield>
  <datafield tag="999" ind1=" " ind2=" ">
   <subfield code="a">KXP-PPN1168648602</subfield>
   <subfield code="e">4581959381</subfield>
  </datafield>
 </record>
</collection>
